Sports - Statistiques

Statistiques générales
  • Ce quiz a été pris 124 fois
  • Le résultat moyen est 7 sur 16
Statistiques - réponses
Réponse % Correct
Football
100%
Bascketball
90%
Tennis
77%
Natation
71%
Rugby
59%
Équitation
50%
Course
44%
Hockey
37%
Badminton
35%
Gymnastique
34%
Danse
32%
Vélo
29%
Escalade
13%
Musculation
12%
Patin à Glace
2%
Bike & Run
0%
Aucun quiz correspondant
Distribution des résultats
% des personnes avec chaque résultat
Percentile par nombre de réponses
Votre historique - résultats
Vous n’avez pas pris ce quiz